Movies Quiz

Random Movies or Animation Quiz

Live Action / Animated Movies Quiz Stats

 Plays Quiz not verified by Sporcle

Challenge
Share
Tweet
Embed
Score 0/17 Timer 06:00
0 Plays Today
Actor or Character Movie % Correct
Julie AndrewsMary Poppins
75.3%
Judge DoomWho Framed Roger Rabbit
74.5%
Bill MurraySpace Jam
61%
Boris and NatashaThe Adventures of Rocky and Bullwinkle
56.3%
Br'er FoxThe Song of the South
54.9%
Freddie Prinze Jr.Scooby Doo
50.8%
Brendan FraserLooney Tunes: Back in Action
42.3%
Leopold StokowskiFantasia
42%
Macaulay CulkinThe Pagemaster
39%
Actor or Character Movie % Correct
Miss PriceBedknobs and Broomsticks
37.4%
Brad PittCool World
33%
LadybugJames and the Giant Peach
31.3%
Donald DuckThe Three Caballeros
29.4%
NoraPete's Dragon
25.8%
Bill PullmanCasper
25.3%
DaveAlvin and the Chipmunks
23.9%
Steve MartinFantasia 2000
15.1%

You're not logged in!

Compare scores with friends on all Sporcle quizzes.
Join for Free
OR
Log In

You Might Also Like...

Show Comments

Extras

Top Quizzes Today


Score Distribution

Your Account Isn't Verified!

In order to create a playlist on Sporcle, you need to verify the email address you used during registration. Go to your Sporcle Settings to finish the process.

Report this User

Report this user for behavior that violates our Community Guidelines.

Details: